Problemas resueltos de contaminación ambiental: cuestiones y problemas resueltos

Sábháilte in:
Sonraí bibleagrafaíochta
Príomhchruthaitheoirí: Orozco Barrenetxea, Carmen (autora), González Delgado, María Nieves (Údar), Alfayate Blanco, José Marcos (Údar), Pérez Serrano, Antonio (Údar), Rodríguez Vidal, Francisco J (Údar)
Formáid: LEABHAR
Teanga:Spáinnis
Foilsithe / Cruthaithe: Madrid Thomson 2003
Eagrán:1a. ed
Sraith:Paso a Paso
Ábhair:
Clibeanna: Cuir clib leis
Níl clibeanna ann, Bí ar an gcéad duine le clib a chur leis an taifead seo!

MARC

LEADER 00000nam a2200000 a 4500
001 UCI8755
003 CL-VaPUC
008 080925e20030000SP |||||||||||||||||spa|d
020 |a 849732188X 
082 0 4 |a 577.14  |b ORO  |2 21 
100 |a Orozco Barrenetxea, Carmen  |e autora  |9 532355 
700 |a González Delgado, María Nieves  |e author  |9 532356 
700 0 |a Alfayate Blanco, José Marcos  |e author  |9 532357 
700 0 |a Pérez Serrano, Antonio  |e author  |9 532358 
700 0 |a Rodríguez Vidal, Francisco J  |e author  |9 532359 
245 1 0 |a Problemas resueltos de contaminación ambiental: cuestiones y problemas resueltos 
250 |a 1a. ed 
300 |a 187 p 
942 |c BK 
945 |d 20080925 00:00:00  |a jtorresc 
260 |a Madrid  |b Thomson  |c 2003 
650 7 |a QUIMICA AMBIENTAL  |2 CL-VaPUC  |9 529738 
650 0 |a Medio ambiente  |9 257625 
650 0 |a Problemas, ejercicios, etc  |9 259377 
583 |a last modification  |c 20080925 00:00:00  |k Rodrigo Vera 
490 0 |a Paso a Paso 
999 |c 331549  |d 331547 
952 |0 0  |1 0  |2 ddc  |4 0  |6 577_140000000000000_ORO_2003  |7 0  |8 A  |9 418294  |a BIBING  |b BIBING  |c RES  |d 2019-11-22  |i 4483251  |o 577.14 ORO 2003  |p 4483251  |r 2025-01-20  |w 2019-11-22  |y BK  |k CIC